Vlkolínec

Bibliographic Details
Main Author: Zalčik, Peter (Author)
Format: Article
Language:Slovak
PhysicalDescription:Obr. 6. Súbež. text rus., angl., franc., špan.
Subjects:

MARC

LEADER 00000nab a2200000 a 4500
001 vtls000204910
003 SK-MaSNL
005 20260304060957.0
008 250422c1984 xo 0 slo
015 |a SNBRB19rr/mm-uuuuu 
035 |a CL0215023 
035 |a urn:nbn:sk:snk-abdmdg 
035 |a (urnnbn)urn:nbn:sk:snk:ar-000rdo 
035 |a (uuid)f3a15f9d-d1f2-4ad2-a57e-184c5f03453b 
035 |a urn:nbn:sk:snk-ab5go 
040 |a SNKBUCL  |b slo  |c SNKBUCL  |e AACR2 
041 0 |a slo 
044 |a xo  |c SK 
080 |a 72.067.26  |2 1981 
080 |a 719  |2 1981 
080 |a 72  |2 1981 
080 |a 904  |2 1981 
100 1 |a Zalčik, Peter  |4 aut  |9 1338362 
245 1 0 |a Vlkolínec  |c Peter Zalčik 
300 |b Obr. 6. Súbež. text rus., angl., franc., špan. 
500 |a Súborný náz. Z tvorby slovenských architektov. 
650 0 7 |a ľudová architektúra  |2 snkbucl  |9 2956 
650 0 7 |a rezervácie pamiatkové  |2 snkbucl  |9 924986 
651 7 |a Vlkolínec (Ružomberok, Slovensko)  |2 snkbucl  |9 173095 
655 7 |a články z novín a časopisov  |2 snkbucl  |9 267496 
773 0 |t Projekt  |g Roč. 26, č. 9 (1984), s. 47-49 
850 |a Slovenská národná knižnica 
852 |a Slovenská národná knižnica 
954 |a odborná, vedecká literatúra pôvodná (slovenská)  |2 lita 
957 |a 5304 
958 |a article19 
958 |a RK 
958 |a OND 
958 |a EUIPO 
992 |a RBX 
999 |c 2730921  |d 2732851